[Event "Dortmund Sparkassen op-B"]
[Site "Dortmund"]
[Date "2014.07.15"]
[Round "4"]
[White "Hermann, Robin Andreas"]
[Black "Asadzade, Idris"]
[Result "0-1"]
[WhiteElo "1168"]
[BlackElo "1483"]
[PlyCount "80"]
[EventDate "2014.07.12"]
[EventType "swiss"]
[EventRounds "9"]
[EventCountry "GER"]
[SourceTitle "EXT 2022"]
[Source "ChessBase"]
[SourceDate "2021.10.06"]
[SourceVersion "1"]
[SourceVersionDate "2021.10.06"]
[SourceQuality "1"]

1. e4 e6 2. d4 d5 3. e5 c5 4. c3 Nc6 5. Bb5 Bd7 6. Nf3 Nxe5 7. Bxd7+ Nxd7 8. 0-0 Ngf6 9. Bg5 Qb6 10. Qc2 Rc8 11. Be3 Be7 12. Re1 0-0 13. Nbd2 cxd4 14. Bxd4 Bc5 15. Bxc5 Nxc5 16. Ng5 h6 17. Nh3 Ncd7 18. Nf3 d4 19. Rab1 Rc7 20. Ne5 Nxe5 21. Rxe5 dxc3 22. bxc3 Rxc3 23. Rxb6 Rxc2 24. Rb1 Rxa2 25. Reb5 b6 26. R5b2 Rxb2 27. Rxb2 Rc8 28. g3 Rb8 29. Kf1 a5 30. Ke1 b5 31. Rd2 b4 32. Kd1 Rc8 33. Rc2 Rxc2 34. Kxc2 Kf8 35. Ng1 Ke7 36. Ne2 Kd6 37. Nc1 Kd5 38. Kd3 Nd7 39. Nb3 Nc5+ 40. Nxc5 Kxc5 0-1